The Thermodynamics problem solver (Record no. 67338)

000 -LEADER
fixed length control field 00423nam a22001697a 4500
003 - CONTROL NUMBER IDENTIFIER
control field NUST - PNEC
005 - DATE AND TIME OF LATEST TRANSACTION
control field 20170116181019.0
008 - FIXED-LENGTH DATA ELEMENTS--GENERAL INFORMATION
fixed length control field 150915b xxu||||| |||| 00| 0 eng d
020 ## - INTERNATIONAL STANDARD BOOK NUMBER
International Standard Book Number 0878915559
040 ## - CATALOGING SOURCE
Transcribing agency LIBRARY
082 ## - DEWEY DECIMAL CLASSIFICATION NUMBER
Classification number 536.7076 FOG
100 ## - MAIN ENTRY--PERSONAL NAME
9 (RLIN) 10543
Personal name Fogiel, M.
245 ## - TITLE STATEMENT
Title The Thermodynamics problem solver
Statement of responsibility, etc. M. Fogiel
260 ## - PUBLICATION, DISTRIBUTION, ETC.
Date of publication, distribution, etc. c.1984
650 ## - SUBJECT ADDED ENTRY--TOPICAL TERM
9 (RLIN) 10547
Topical term or geographic name entry element Thermodynamics
Chronological subdivision ME
942 ## - ADDED ENTRY ELEMENTS (KOHA)
Source of classification or shelving scheme
Koha item type Book
Holdings
Withdrawn status Lost status Source of classification or shelving scheme Damaged status Not for loan Permanent Location Current Location Shelving location Date acquired Total Checkouts Full call number Barcode Date last seen Price effective from Koha item type
          Pakistan Navy Engineering College (PNEC) Pakistan Navy Engineering College (PNEC)       536.7076 FOG PNECLIB-013474 09/15/2015   Book
          Pakistan Navy Engineering College (PNEC) Pakistan Navy Engineering College (PNEC)   10/01/2015   536.7076 FOG PNECLIB-011860 10/01/2015   Book
© 2023 Central Library, National University of Sciences and Technology. All Rights Reserved.